31 jours en 15 secondes - Statistiques

Statistiques générales
  • Ce quiz a été pris 344 fois
  • Le résultat moyen est 24 sur 31
Statistiques - réponses
Nombre Answers % Correct
Premier jour du mois : 1 1
100%
Deuxième jour du mois : 2
98%
Troisième jour du mois : 3
97%
Quatrième jour du mois : 4
97%
Cinquième jour du mois : 5
96%
Sixième jour du mois : 6
96%
Huitième jour du mois : 8
96%
Septième jour du mois : 7
95%
Neuvième jour du mois : 9
95%
Douzième jour du mois : 12
91%
Dixième jour du mois : 10
90%
Onzième jour du mois : 11
89%
Quinzième jour du mois : 14
89%
Seizième jour du mois : 15
87%
Quatorzième jour du mois : 13
86%
Dix-septième jour du mois : 16
85%
Dix-huitième jour du mois : 17
84%
Dix-neuvième jour du mois : 18
83%
Vingtième jour du mois : 19
81%
Vingt-et-unième jour du mois : 20
73%
Vingt-deuxième jour du mois : 21
73%
Vingt-troisième jour du mois : 22
65%
Vingt-troisième jour du mois : 23
64%
Vingt-quatrième jour du mois : 24
60%
Vingt-cinquième jour du mois : 25
58%
Vingt-sixième jour du mois : 26
55%
Vingt-septième jour du mois : 27
53%
Vingt-huitième jour du mois : 28
48%
Vingt-neuvième jour du mois : 29
42%
trente-et-unième jour du mois : 31
33%
Trentième jour du mois : 30
31%
Aucun quiz correspondant
Distribution des résultats
% des personnes avec chaque résultat
Percentile par nombre de réponses
Votre historique - résultats
Vous n’avez pas pris ce quiz